[Event "6th Banja Luka it"]
[Site "Banja Luka YUG"]
[Date "1985.04.17"]
[Round "7"]
[White "Psakhis, Lev"]
[Black "Lechtynsky, Jiri"]
[Result "1-0"]
[WhiteElo "2555"]
[BlackElo "2445"]
[EventDate "1985.04.10"]
[PlyCount "67"]

1.d4 Nf6 2.c4 g6 3.Nc3 d5 4.cxd5 Nxd5 5.e4 Nxc3 6.bxc3 Bg7 7.Nf3 c5 8.Rb1 
O-O 9.Be2 Nc6 10.d5 Ne5 11.Nxe5 Bxe5 12.Qd2 e6 13.f4 Bg7 14.c4 exd5 15.
cxd5 Bd4 16.Bb2 Qh4+ 17.g3 Qe7 18.e5 Bf5 19.Rc1 Qd8 20.Bf3 Bxb2 21.Qxb2 
Qb6 22.Qb3 Rfe8 23.g4 Bd7 24.h4 Bb5 25.Qc3 c4 26.Kf1 Qc5 27.h5 Rad8 28.Rd1
g5 29.h6 gxf4 30.e6 f6 31.Qxf6 Qe7 32.Qe5 c3+ 33.Kg2 c2 34.Rh5 1-0

[Event "6th Banja Luka it"]
[Site "Banja Luka YUG"]
[Date "1985.04.17"]
[Round "7"]
[White "Plaskett, Harold James"]
[Black "Gavric, Miladin"]
[Result "1/2-1/2"]
[WhiteElo "2495"]
[BlackElo "2265"]
[EventDate "1985.04.10"]
[PlyCount "68"]

1.e4 e6 2.d3 d5 3.Nd2 Nf6 4.Ngf3 c5 5.g3 Nc6 6.Bg2 Be7 7.O-O b6 8.Re1 Qc7 
9.Qe2 Bb7 10.Nf1 dxe4 11.dxe4 Rd8 12.c3 O-O 13.h4 Qc8 14.e5 Ba6 15.exf6 
Bxe2 16.fxe7 Nxe7 17.Rxe2 Rd1 18.Nd2 Rd8 19.Bf3 Nf5 20.Kg2 Rd3 21.Re4 Rxf3
22.Kxf3 Qa6 23.Kg2 Qd3 24.Rf4 h6 25.Rf3 Qc2 26.Rxf5 Qxf5 27.Ne3 Qh5 28.
Nxd1 Qxd1 29.Nf3 f5 30.b3 g5 31.hxg5 hxg5 32.Bb2 Qe2 33.Bc1 Qe1 34.Bb2 Qe2
1/2-1/2

[Event "6th Banja Luka it"]
[Site "Banja Luka YUG"]
[Date "1985.04.17"]
[Round "7"]
[White "Djuric, Stefan"]
[Black "Minic, Dragoljub"]
[Result "1/2-1/2"]
[WhiteElo "2470"]
[BlackElo "2440"]
[EventDate "1985.04.10"]
[PlyCount "115"]

1.d4 Nf6 2.Nf3 d6 3.Nc3 d5 4.a3 Bf5 5.Bf4 e6 6.e3 Bd6 7.Bd3 Bxf4 8.exf4 
O-O 9.O-O Nc6 10.Bxf5 exf5 11.Ne5 Ne4 12.Nxc6 bxc6 13.Na4 Rb8 14.Qd3 Qf6 
15.f3 Nd6 16.Nc5 Rfd8 17.h3 Nb7 18.Na6 Rbc8 19.Rfe1 g6 20.Re5 Qd6 21.Qe3 
Kf8 22.b3 Re8 23.Re1 Rxe5 24.dxe5 Qxa3 25.e6 Qxa6 26.Qe5 Nd6 27.Qh8+ Ke7 
28.Qg7 Rf8 29.Kh2 Ne4 30.fxe4 fxe4 31.f5 gxf5 32.Ra1 Qc8 33.Rxa7 Kxe6 34.
c4 dxc4 35.Ra5 f6 36.Qxh7 Kd6 37.bxc4 c5 38.Qh6 Qe8 39.Qd2+ Ke7 40.Rxc5 
Qd7 41.Rd5 Qe6 42.Qf4 Rc8 43.Qxf5 Qxf5 44.Rxf5 Ke6 45.g4 Rd8 46.Rc5 Rd2+ 
47.Kg3 Kd6 48.Rf5 Rd3+ 49.Kf4 Rxh3 50.Rxf6+ Kc5 51.Kxe4 Rc3 52.g5 Rxc4+ 
53.Ke5 Rc1 54.Rf5 Rg1 55.Kf6+ Kd4 56.g6 Rxg6+ 57.Kxg6 c5 58.Rf4+ 1/2-1/2

[Event "6th Banja Luka it"]
[Site "Banja Luka YUG"]
[Date "1985.04.17"]
[Round "7"]
[White "Sibarevic, Milenko"]
[Black "Filipovic, Branko"]
[Result "1/2-1/2"]
[WhiteElo "2355"]
[BlackElo "2395"]
[EventDate "1985.04.10"]
[PlyCount "46"]

1.e4 c5 2.Nf3 Nc6 3.d4 cxd4 4.Nxd4 Nf6 5.Nc3 e6 6.Ndb5 d6 7.Bf4 e5 8.Bg5 
a6 9.Na3 b5 10.Nd5 Be7 11.Bxf6 Bxf6 12.c3 Ne7 13.Nc2 Nxd5 14.Qxd5 Rb8 15.
Nb4 Bb7 16.Qd3 O-O 17.Be2 Qb6 18.O-O a5 19.Nd5 Bxd5 20.Qxd5 Rfc8 21.Rfd1 
Be7 22.a3 Rc5 23.Qb3 Qc6 1/2-1/2

[Event "6th Banja Luka it"]
[Site "Banja Luka YUG"]
[Date "1985.04.17"]
[Round "7"]
[White "Klaric, Zlatko"]
[Black "Short, Nigel David"]
[Result "0-1"]
[WhiteElo "2480"]
[BlackElo "2535"]
[EventDate "1985.04.10"]
[PlyCount "92"]

1.d4 Nf6 2.c3 g6 3.Bg5 Bg7 4.Nd2 d6 5.e4 Nbd7 6.Bd3 c5 7.Ngf3 h6 8.Bxf6 
Bxf6 9.O-O O-O 10.Qe2 cxd4 11.cxd4 Bg7 12.Rac1 Nb6 13.Rc2 Be6 14.Rfc1 Rc8 
15.Rxc8 Bxc8 16.b3 Be6 17.h3 Qb8 18.Nc4 Rc8 19.Rc2 Bxc4 20.Bxc4 e6 21.d5 
e5 22.Bd3 Nd7 23.b4 h5 24.Nd2 Rxc2 25.Bxc2 Bh6 26.Nc4 Qc7 27.Bb3 h4 28.Qc2
Kg7 29.a4 Nf6 30.a5 Bg5 31.Kf1 Nh5 32.Nb2 Qxc2 33.Bxc2 Bd2 34.Nd3 f5 35.
exf5 e4 36.Nb2 gxf5 37.Nc4 Bxb4 38.Ke2 Nf4+ 39.Kf1 Nxd5 40.a6 b5 41.Ne3 
Nxe3+ 42.fxe3 Kf6 43.Bb3 Ke5 44.Bf7 Bc5 45.Ke2 f4 46.Be8 fxe3 0-1

[Event "6th Banja Luka it"]
[Site "Banja Luka YUG"]
[Date "1985.04.17"]
[Round "7"]
[White "Velimirovic, Dragoljub"]
[Black "Kurajica, Bojan"]
[Result "1/2-1/2"]
[WhiteElo "2500"]
[BlackElo "2535"]
[EventDate "1985.04.10"]
[PlyCount "60"]

1.e4 e5 2.Nf3 Nc6 3.Bb5 Nf6 4.O-O Be7 5.d4 exd4 6.Nxd4 O-O 7.Nxc6 bxc6 8.
Bd3 d5 9.Nd2 Bd6 10.h3 Re8 11.exd5 cxd5 12.Nf3 c5 13.Bb5 Re5 14.c4 Bb7 15.
cxd5 Bxd5 16.b3 Ne4 17.Bc4 Bxc4 18.bxc4 Qf6 19.Qd5 Rae8 20.Be3 h6 21.Rfe1 
Rd8 22.Qb7 Re7 23.Qb3 Rb8 24.Qd3 Rd8 25.Qc2 Bc7 26.Rad1 Rde8 27.Rd5 Ba5 
28.Rc1 Re6 29.Bxc5 Nxc5 30.Rxc5 Bb6 1/2-1/2

[Event "6th Banja Luka it"]
[Site "Banja Luka YUG"]
[Date "1985.04.18"]
[Round "8"]
[White "Lechtynsky, Jiri"]
[Black "Kurajica, Bojan"]
[Result "1/2-1/2"]
[WhiteElo "2445"]
[BlackElo "2535"]
[EventDate "1985.04.10"]
[PlyCount "42"]

1.Nf3 Nf6 2.c4 e6 3.g3 d5 4.Bg2 dxc4 5.Qa4+ Nbd7 6.Qxc4 c5 7.O-O b6 8.Nd4 
Ne5 9.Nc6 Nxc4 10.Nxd8 Nd5 11.Nc3 Kxd8 12.Nxd5 Bb7 13.b3 Na5 14.Ne3 Bxg2 
15.Kxg2 f6 16.Bb2 Ke8 17.Rfd1 Rd8 18.d4 cxd4 19.Rxd4 Rxd4 20.Bxd4 Nc6 21.
Bb2 Bc5 1/2-1/2

[Event "6th Banja Luka it"]
[Site "Banja Luka YUG"]
[Date "1985.04.18"]
[Round "8"]
[White "Short, Nigel David"]
[Black "Velimirovic, Dragoljub"]
[Result "1/2-1/2"]
[WhiteElo "2535"]
[BlackElo "2500"]
[EventDate "1985.04.10"]
[PlyCount "82"]

1.e4 c5 2.Nf3 d6 3.d4 cxd4 4.Nxd4 Nf6 5.Nc3 g6 6.Be3 Bg7 7.f3 Nc6 8.Qd2 
O-O 9.O-O-O Nxd4 10.Bxd4 Be6 11.Kb1 Qc7 12.h4 Rfc8 13.h5 Qa5 14.hxg6 hxg6 
15.a3 Bc4 16.Rh3 b5 17.Bxc4 bxc4 18.Rdh1 Rab8 19.Ka1 Rb7 20.g4 Rcb8 21.Nb1
Qxd2 22.Nxd2 Rc8 23.Bc3 e5 24.Nf1 d5 25.Bxe5 dxe4 26.Ne3 Rb5 27.f4 a6 28.
Bc3 Rc6 29.Kb1 Kf8 30.Kc1 Nd5 31.Nxd5 Rxd5 32.Bxg7+ Kxg7 33.g5 Kf8 34.Re3 
c3 35.Rh8+ Ke7 36.Rxe4+ Re6 37.Rxe6+ Kxe6 38.bxc3 Kf5 39.Rh4 Ra5 40.Kb2 
Ra4 41.Rh7 Ke6 1/2-1/2

[Event "6th Banja Luka it"]
[Site "Banja Luka YUG"]
[Date "1985.04.18"]
[Round "8"]
[White "Farago, Ivan"]
[Black "Klaric, Zlatko"]
[Result "1/2-1/2"]
[WhiteElo "2495"]
[BlackElo "2480"]
[EventDate "1985.04.10"]
[PlyCount "72"]

1.d4 d5 2.c4 c6 3.Nc3 Nf6 4.Nf3 a6 5.cxd5 cxd5 6.Ne5 e6 7.Bg5 Qb6 8.a3 Nc6
9.Nxc6 bxc6 10.Na4 Qa5+ 11.b4 Qd8 12.e3 Bd7 13.Bd3 a5 14.Nc5 h6 15.Bh4 Ra7
16.O-O Be7 17.Qd2 O-O 18.Bxf6 gxf6 19.Nxd7 Qxd7 20.bxa5 c5 21.dxc5 Bxc5 
22.a6 Rc8 23.Rfc1 Rac7 24.g3 f5 25.Bf1 Qd6 26.Rc3 d4 27.Rxc5 Rxc5 28.Qxd4 
Qxd4 29.exd4 Ra5 30.a4 Rb8 31.d5 exd5 32.Rd1 Rxa4 33.Rxd5 f4 34.Kg2 Rb2 
35.Rf5 fxg3 36.hxg3 Kg7 1/2-1/2

[Event "6th Banja Luka it"]
[Site "Banja Luka YUG"]
[Date "1985.04.18"]
[Round "8"]
[White "Minic, Dragoljub"]
[Black "Sibarevic, Milenko"]
[Result "1/2-1/2"]
[WhiteElo "2440"]
[BlackElo "2355"]
[EventDate "1985.04.10"]
[PlyCount "28"]

1.e4 c5 2.g3 Nc6 3.Bg2 g6 4.Ne2 Bg7 5.O-O d6 6.c3 e5 7.d3 Nge7 8.Be3 O-O 
9.d4 cxd4 10.cxd4 exd4 11.Nxd4 d5 12.Nc3 dxe4 13.Nxc6 Nxc6 14.Bxe4 Be6 
1/2-1/2

[Event "6th Banja Luka it"]
[Site "Banja Luka YUG"]
[Date "1985.04.18"]
[Round "8"]
[White "Gavric, Miladin"]
[Black "Djuric, Stefan"]
[Result "0-1"]
[WhiteElo "2265"]
[BlackElo "2470"]
[EventDate "1985.04.10"]
[PlyCount "130"]

1.e4 e5 2.Nf3 Nc6 3.Bb5 a6 4.Ba4 Nf6 5.O-O Be7 6.Bxc6 dxc6 7.d3 Nd7 8.Nbd2
O-O 9.Nc4 f6 10.Nh4 Nc5 11.Be3 g6 12.Qf3 Ne6 13.Qg3 Rf7 14.Nf5 Bf8 15.Bh6 
Nd4 16.Nxd4 Bxh6 17.Ne2 Be6 18.Ne3 Qd7 19.Kh1 Raf8 20.Rad1 Qc8 21.f4 f5 
22.exf5 exf4 23.Nxf4 Bxf5 24.Rf3 Bxd3 25.Nxd3 Rxf3 26.gxf3 Bxe3 27.Re1 Bb6
28.Kg2 Qd7 29.Qe5 Bd4 30.Qe6+ Qxe6 31.Rxe6 Kf7 32.Re4 Rd8 33.Kf1 Bf6 34.a4
Rd5 35.b3 a5 36.Kg2 Rd4 37.Rxd4 Bxd4 38.f4 Ke6 39.c4 Kf5 40.Kf3 h5 41.h3 
b6 42.Ne1 Bc3 43.Ng2 Bf6 44.Ne3+ Ke6 45.Nf1 Be7 46.Ng3 h4 47.Ne4 Kf5 48.
Nf2 g5 49.Nd3 Bf6 50.fxg5 Bxg5 51.b4 Bd2 52.bxa5 Bxa5 53.Ke3 Bc3 54.Kf3 
Bd2 55.Ke2 Bg5 56.Nb4 c5 57.Nd3 c6 58.Kf3 Bd2 59.Ke2 Bf4 60.Kf3 Bg5 61.Nf2
Ke5 62.Ne4 Bh6 63.a5 bxa5 64.Nxc5 Bd2 65.Kg4 Bb4 0-1

[Event "6th Banja Luka it"]
[Site "Banja Luka YUG"]
[Date "1985.04.20"]
[Round "9"]
[White "Plaskett, Harold James"]
[Black "Lechtynsky, Jiri"]
[Result "1-0"]
[WhiteElo "2495"]
[BlackElo "2445"]
[EventDate "1985.04.10"]
[PlyCount "55"]

1.e4 c5 2.Nf3 Nf6 3.Nc3 Nc6 4.Bb5 Nd4 5.e5 Nxb5 6.Nxb5 Nd5 7.O-O a6 8.c4 
Nc7 9.Nxc7+ Qxc7 10.d4 cxd4 11.Qxd4 b6 12.Be3 Rb8 13.Ng5 h6 14.Ne4 Bb7 15.
Rad1 Qc6 16.f3 Rg8 17.Rfe1 g5 18.Nf6+ exf6 19.exf6 d6 20.Qd3 Kd7 21.Qh7 
Bg7 22.Qf5+ Kc7 23.fxg7 Rxg7 24.Bd4 f6 25.Bxf6 Rd7 26.Rxd6 Rxd6 27.Re7+ 
Rd7 28.Be5+ 1-0

[Event "6th Banja Luka it"]
[Site "Banja Luka YUG"]
[Date "1985.04.20"]
[Round "9"]
[White "Djuric, Stefan"]
[Black "Psakhis, Lev"]
[Result "0-1"]
[WhiteElo "2470"]
[BlackElo "2555"]
[EventDate "1985.04.10"]
[PlyCount "114"]

1.d4 f5 2.Nc3 d5 3.Bg5 g6 4.h4 Bg7 5.Qd2 c6 6.Nf3 Be6 7.Qe3 Bf7 8.h5 Nd7 
9.O-O-O Qa5 10.Bf4 Ngf6 11.hxg6 hxg6 12.Rxh8+ Bxh8 13.Ng5 Bg8 14.Bd6 Qd8 
15.Ba3 e5 16.f4 Ng4 17.Qh3 Bf6 18.Nge4 dxe4 19.Nxe4 Be7 20.Bxe7 Qxe7 21.
dxe5 O-O-O 22.Nd6+ Kb8 23.Rd4 Ndxe5 24.fxe5 Qxe5 25.Qd3 Qe3+ 26.Qxe3 Nxe3 
27.Nxf5 Rxd4 28.Nxe3 Be6 29.b3 a5 30.g3 Kc7 31.Bg2 g5 32.c3 Rd8 33.Bf3 Kd6
34.Kc2 Ke5 35.Kc1 a4 36.Kc2 a3 37.Kc1 Rg8 38.Kc2 g4 39.Bg2 Rf8 40.Kc1 Rf7 
41.Kc2 Bf5+ 42.Kc1 Rd7 43.Nc4+ Kf6 44.Ne3 Rd8 45.Nc4 Kg5 46.Ne3 Re8 47.Kd2
Bb1 48.Nc4 Bxa2 49.Nxa3 Bxb3 50.Kd3 Rd8+ 51.Ke3 Rd1 52.Be4 Rg1 53.Kf2 Rc1 
54.Nb1 Ba2 55.Nd2 Rxc3 56.Bd3 Bd5 57.Ke3 c5 0-1

[Event "6th Banja Luka it"]
[Site "Banja Luka YUG"]
[Date "1985.04.20"]
[Round "9"]
[White "Sibarevic, Milenko"]
[Black "Gavric, Miladin"]
[Result "1/2-1/2"]
[WhiteElo "2355"]
[BlackElo "2265"]
[EventDate "1985.04.10"]
[PlyCount "22"]

1.e4 e6 2.d4 d5 3.Nd2 Nf6 4.e5 Nfd7 5.c3 c5 6.Bd3 Nc6 7.Ne2 cxd4 8.cxd4 f6
9.exf6 Nxf6 10.O-O Bd6 11.Nf3 Qc7 1/2-1/2

[Event "6th Banja Luka it"]
[Site "Banja Luka YUG"]
[Date "1985.04.20"]
[Round "9"]
[White "Klaric, Zlatko"]
[Black "Filipovic, Branko"]
[Result "1/2-1/2"]
[WhiteElo "2480"]
[BlackElo "2395"]
[EventDate "1985.04.10"]
[PlyCount "98"]

1.f4 c5 2.Nf3 Nc6 3.g3 g6 4.Bg2 Bg7 5.O-O d6 6.e4 e6 7.d3 Nge7 8.c3 O-O 9.
Be3 Rb8 10.d4 Qb6 11.Qd2 cxd4 12.cxd4 d5 13.e5 f6 14.exf6 Bxf6 15.g4 Qb4 
16.Nc3 Bd7 17.Ne5 Bxe5 18.fxe5 Rxf1+ 19.Rxf1 Rf8 20.Rf6 Rxf6 21.exf6 Nc8 
22.Bf4 Be8 23.Qe3 Bf7 24.Nb5 Nd6 25.Nxd6 Qxd6 26.a3 Qd8 27.g5 a5 28.Qb3 
Qc7 29.Qg3 Nxd4 30.Qe3 Qc1+ 31.Qxc1 Ne2+ 32.Kf2 Nxc1 33.Ke3 Nb3 34.Bh3 a4 
35.Bc7 Kf8 36.Bg4 Ke8 37.Bd1 Kd7 38.Bxb3 Kxc7 39.Bxa4 Kd6 40.Bc2 e5 41.h4 
Be8 42.h5 gxh5 43.Bxh7 Ke6 44.Kf3 Kf7 45.Bc2 e4+ 46.Kf4 Kg6 47.Bd1 d4 48.
Kxe4 Kxg5 49.Kxd4 Kxf6 1/2-1/2

[Event "6th Banja Luka it"]
[Site "Banja Luka YUG"]
[Date "1985.04.20"]
[Round "9"]
[White "Velimirovic, Dragoljub"]
[Black "Farago, Ivan"]
[Result "1/2-1/2"]
[WhiteElo "2500"]
[BlackElo "2495"]
[EventDate "1985.04.10"]
[PlyCount "72"]

1.g3 d5 2.Bg2 Nf6 3.Nf3 c6 4.d3 Bg4 5.h3 Bxf3 6.Bxf3 Nbd7 7.Nd2 e6 8.e4 
Bc5 9.Bg2 Qc7 10.Qe2 O-O 11.Nf3 dxe4 12.dxe4 e5 13.Nh2 a5 14.Ng4 a4 15.a3 
Qa5+ 16.c3 Qa6 17.Nxf6+ Nxf6 18.Bg5 Qxe2+ 19.Kxe2 Nd7 20.Rad1 Nb6 21.Bc1 
Rfd8 22.f4 Nc4 23.h4 Kf8 24.f5 f6 25.g4 Na5 26.Bf3 Nb3 27.Be3 Bxe3 28.Kxe3
Na5 29.Be2 b5 30.g5 Nc4+ 31.Bxc4 bxc4 32.gxf6 gxf6 33.Rhg1 Rab8 34.h5 Rxd1
35.Rxd1 Ke7 36.Rg1 Kf7 1/2-1/2

[Event "6th Banja Luka it"]
[Site "Banja Luka YUG"]
[Date "1985.04.20"]
[Round "9"]
[White "Kurajica, Bojan"]
[Black "Short, Nigel David"]
[Result "1/2-1/2"]
[WhiteElo "2535"]
[BlackElo "2535"]
[EventDate "1985.04.10"]
[PlyCount "22"]

1.Nf3 Nf6 2.d4 e6 3.g3 b6 4.Bg2 Bb7 5.c4 Be7 6.O-O O-O 7.Nc3 Ne4 8.Nxe4 
Bxe4 9.Ne1 Bxg2 10.Nxg2 d5 11.Qa4 Qd7 1/2-1/2

[Event "6th Banja Luka it"]
[Site "Banja Luka YUG"]
[Date "1985.04.21"]
[Round "10"]
[White "Lechtynsky, Jiri"]
[Black "Short, Nigel David"]
[Result "1/2-1/2"]
[WhiteElo "2445"]
[BlackElo "2535"]
[EventDate "1985.04.10"]
[PlyCount "113"]

1.Nf3 Nf6 2.c4 e6 3.Nc3 Bb4 4.Qc2 O-O 5.b3 c5 6.e3 d6 7.Be2 Qe7 8.O-O Bxc3
9.Qxc3 b6 10.Bb2 Bb7 11.d3 Nbd7 12.Nd2 e5 13.Bf3 Bxf3 14.Nxf3 Rfe8 15.Rfe1
h6 16.Rad1 Rad8 17.h3 Nf8 18.d4 e4 19.Nh2 h5 20.Nf1 h4 21.Nh2 Ng6 22.Rd2 
Nh5 23.Red1 f5 24.dxc5 dxc5 25.Nf1 Nf6 26.Rxd8 Rxd8 27.Rxd8+ Qxd8 28.Nd2 
Qd7 29.Qc2 Qd6 30.Qc3 Qe7 31.a3 a5 32.Nb1 Kf7 33.Qd2 Ne5 34.Bxe5 Qxe5 35.
Nc3 Ke7 36.Nb5 g5 37.Qd3 Nd7 38.Kf1 Ke6 39.Qd2 f4 40.Ke2 Nf6 41.Nc3 f3+ 
42.gxf3 exf3+ 43.Kxf3 Qh2 44.Qd8 Qxh3+ 45.Ke2 Qg4+ 46.Ke1 Kf7 47.Nd5 Qe6 
48.Kf1 Ne4 49.f3 Qh3+ 50.Ke2 Qg2+ 51.Kd3 Nf2+ 52.Kc3 Qxf3 53.Qe7+ Kg6 54.
Qe6+ Kh7 55.Qe7+ Kg6 56.Qe6+ Kh5 57.Nf4+ 1/2-1/2

[Event "6th Banja Luka it"]
[Site "Banja Luka YUG"]
[Date "1985.04.21"]
[Round "10"]
[White "Farago, Ivan"]
[Black "Kurajica, Bojan"]
[Result "1-0"]
[WhiteElo "2495"]
[BlackElo "2535"]
[EventDate "1985.04.10"]
[PlyCount "65"]

1.d4 Nf6 2.c4 e6 3.Nf3 Bb4+ 4.Bd2 Bxd2+ 5.Qxd2 O-O 6.Nc3 d5 7.e3 Qe7 8.a3 
a5 9.Qc2 b6 10.cxd5 exd5 11.Rc1 Bb7 12.Ne5 c5 13.Be2 Nc6 14.O-O Nxe5 15.
dxe5 Qxe5 16.Bf3 Bc6 17.Rfd1 Rac8 18.Qb3 d4 19.exd4 cxd4 20.Bxc6 Rxc6 21.
Qa4 Rd6 22.Nb5 Rd5 23.Re1 Qg5 24.Nxd4 Qh4 25.Red1 Ng4 26.Nf3 Qxf2+ 27.Kh1 
Ne3 28.Rg1 Rfd8 29.Qe4 h6 30.Rce1 Nd1 31.Re2 Rd3 32.Rge1 g5 33.Qf5 1-0

[Event "6th Banja Luka it"]
[Site "Banja Luka YUG"]
[Date "1985.04.21"]
[Round "10"]
[White "Filipovic, Branko"]
[Black "Velimirovic, Dragoljub"]
[Result "1/2-1/2"]
[WhiteElo "2395"]
[BlackElo "2500"]
[EventDate "1985.04.10"]
[PlyCount "111"]

1.e4 e5 2.Nf3 Nc6 3.Bb5 a6 4.Bxc6 dxc6 5.O-O f6 6.d4 exd4 7.Nxd4 c5 8.Nb3 
Qxd1 9.Rxd1 Bg4 10.f3 Bd7 11.Be3 b6 12.Nc3 O-O-O 13.Bf4 Ne7 14.a4 a5 15.
Nb5 Bxb5 16.axb5 Ng6 17.Rxd8+ Kxd8 18.Bg3 Kc8 19.Nd2 Be7 20.Nc4 Rd8 21.Kf1
Kb7 22.Ke2 Nh8 23.Ne3 Nf7 24.Nf5 Bf8 25.b3 c6 26.bxc6+ Kxc6 27.h4 h5 28.
Bf4 Ra8 29.c4 Nd8 30.Rd1 g6 31.Bd6 gxf5 32.Bxf8 Nb7 33.Bg7 fxe4 34.Bxf6 a4
35.bxa4 Nd6 36.g4 exf3+ 37.Kxf3 hxg4+ 38.Kxg4 Rxa4 39.Rc1 Nxc4 40.h5 Nd6+ 
41.Kh3 Rf4 42.Bg5 Rf7 43.Re1 b5 44.Kg4 b4 45.h6 b3 46.Bd2 Kb5 47.Bc3 Nf5 
48.Rh1 Nxh6+ 49.Rxh6 Rf2 50.Rh8 Kc4 51.Be5 Kd3 52.Rd8+ Ke4 53.Bh8 b2 54.
Rd1 Rg2+ 55.Kh3 Rd2 56.Rb1 1/2-1/2

[Event "6th Banja Luka it"]
[Site "Banja Luka YUG"]
[Date "1985.04.21"]
[Round "10"]
[White "Minic, Dragoljub"]
[Black "Klaric, Zlatko"]
[Result "1/2-1/2"]
[WhiteElo "2440"]
[BlackElo "2480"]
[EventDate "1985.04.10"]
[PlyCount "24"]

1.e4 Nc6 2.Nf3 e5 3.d4 exd4 4.Bc4 Nf6 5.e5 d5 6.Bb5 Ne4 7.Nxd4 Bd7 8.Bxc6 
bxc6 9.O-O Be7 10.f3 Nc5 11.f4 O-O 12.Nc3 f6 1/2-1/2

[Event "6th Banja Luka it"]
[Site "Banja Luka YUG"]
[Date "1985.04.21"]
[Round "10"]
[White "Plaskett, Harold James"]
[Black "Djuric, Stefan"]
[Result "1/2-1/2"]
[WhiteElo "2495"]
[BlackElo "2470"]
[EventDate "1985.04.10"]
[PlyCount "24"]

1.Nf3 Nf6 2.g3 g6 3.b3 b6 4.Bg2 Bb7 5.Bb2 Bg7 6.O-O O-O 7.c4 c5 8.d4 cxd4 
9.Nxd4 Bxg2 10.Kxg2 Qc8 11.Nc3 Qb7+ 12.f3 d5 1/2-1/2

[Event "6th Banja Luka it"]
[Site "Banja Luka YUG"]
[Date "1985.04.22"]
[Round "11"]
[White "Sibarevic, Milenko"]
[Black "Plaskett, Harold James"]
[Result "1-0"]
[WhiteElo "2355"]
[BlackElo "2495"]
[EventDate "1985.04.10"]
[PlyCount "83"]

1.e4 c5 2.Nf3 e6 3.d4 cxd4 4.Nxd4 Bc5 5.Nb3 Bb6 6.Nc3 Ne7 7.Qh5 O-O 8.Bg5 
f5 9.O-O-O h6 10.Bc4 hxg5 11.Bxe6+ dxe6 12.Rxd8 Bxd8 13.Nd4 Bd7 14.Nf3 Be8
15.Qxg5 Nbc6 16.Qg3 Rc8 17.Ng5 Nd4 18.Kb1 Nec6 19.h4 f4 20.Qd3 Bxg5 21.
hxg5 Bg6 22.Qh3 a6 23.f3 Kf7 24.Qh4 Ke7 25.Qf2 Rcd8 26.Rd1 Rd6 27.Na4 Rfd8
28.Nc5 Nf5 29.Rc1 Rd2 30.Qe1 Ng3 31.Nd3 Re2 32.Qc3 Kf7 33.Nxf4 Red2 34.Qb3
R2d6 35.Qxb7+ R8d7 36.Qxa6 e5 37.Qc4+ Kf8 38.Nxg6+ Rxg6 39.c3 Ne7 40.Qb5 
Rd2 41.Qxe5 Ne2 42.Qb8+ 1-0

[Event "6th Banja Luka it"]
[Site "Banja Luka YUG"]
[Date "1985.04.22"]
[Round "11"]
[White "Klaric, Zlatko"]
[Black "Gavric, Miladin"]
[Result "1-0"]
[WhiteElo "2480"]
[BlackElo "2265"]
[EventDate "1985.04.10"]
[PlyCount "103"]

1.g3 Nf6 2.Bg2 d5 3.d3 e6 4.Nf3 Be7 5.O-O c5 6.c4 O-O 7.Nc3 Nc6 8.Bf4 b6 
9.Ne5 Bb7 10.Nxc6 Bxc6 11.e4 dxc4 12.dxc4 Qc8 13.e5 Rd8 14.Qe2 Bxg2 15.
Kxg2 Nd7 16.Rad1 Qc6+ 17.Qe4 Qxe4+ 18.Nxe4 Nf8 19.Be3 Rxd1 20.Rxd1 Rd8 21.
Rxd8 Bxd8 22.f4 Nd7 23.Kf3 h5 24.a3 Be7 25.Nc3 Nb8 26.Ke4 g6 27.Ne2 Nc6 
28.Bd2 Kf8 29.Bc3 Ke8 30.h3 Kd7 31.g4 hxg4 32.hxg4 a6 33.Nc1 Nd8 34.Nd3 
Kc6 35.f5 gxf5+ 36.gxf5 exf5+ 37.Kxf5 Ne6 38.Nf4 Nxf4 39.Kxf4 b5 40.b3 Bd8
41.Kf5 Kd7 42.Bd2 Bh4 43.Be3 Be7 44.a4 bxa4 45.bxa4 Bf8 46.Kf6 Ke8 47.Bg5 
Be7+ 48.Kf5 Bf8 49.Ke4 Kd7 50.Kd5 Kc7 51.Be3 Kb6 52.Bxc5+ 1-0

[Event "6th Banja Luka it"]
[Site "Banja Luka YUG"]
[Date "1985.04.22"]
[Round "11"]
[White "Velimirovic, Dragoljub"]
[Black "Minic, Dragoljub"]
[Result "1/2-1/2"]
[WhiteElo "2500"]
[BlackElo "2440"]
[EventDate "1985.04.10"]
[PlyCount "26"]

1.e4 c5 2.Nc3 d6 3.g3 Nc6 4.Bg2 g6 5.d3 Bg7 6.Be3 e5 7.Qd2 Nge7 8.Nge2 O-O
9.O-O Nd4 10.f4 Be6 11.Nd5 Nxd5 12.exd5 Nxe2+ 13.Qxe2 Bd7 1/2-1/2

[Event "6th Banja Luka it"]
[Site "Banja Luka YUG"]
[Date "1985.04.22"]
[Round "11"]
[White "Kurajica, Bojan"]
[Black "Filipovic, Branko"]
[Result "1/2-1/2"]
[WhiteElo "2535"]
[BlackElo "2395"]
[EventDate "1985.04.10"]
[PlyCount "126"]

1.d4 Nf6 2.Nf3 g6 3.g3 Bg7 4.Bg2 O-O 5.O-O d6 6.c4 c5 7.Nc3 Nc6 8.dxc5 
dxc5 9.Be3 Be6 10.Bxc5 Qa5 11.Ba3 Rfd8 12.Qb3 Qa6 13.Nb5 Rac8 14.Rad1 Rxd1
15.Rxd1 Na5 16.Qb4 Nxc4 17.Ng5 Nxa3 18.Nxa3 Qxe2 19.Bf3 Qe5 20.Nxe6 Qxe6 
21.Qxb7 h5 22.Nb5 Ng4 23.Nc7 Qf5 24.Nd5 Kh7 25.Bxg4 Qxg4 26.Ne3 Qe6 27.Qd7
Bxb2 28.Qxe6 fxe6 29.Rd7 Ba3 30.Rxa7 Bc5 31.Rb7 Bxe3 32.Rxe7+ Kh6 33.fxe3 
Ra8 34.Rxe6 Kg5 35.Re4 Rxa2 36.Rf4 Kh6 37.h4 Kg7 38.Kf1 g5 39.hxg5 Kg6 40.
Rf2 Ra8 41.Ke2 Kxg5 42.Rf7 Kg6 43.Rf4 Kg5 44.Kf3 Ra1 45.Kg2 Re1 46.Kf2 Ra1
47.Rf8 Kg4 48.Rg8+ Kf5 49.Kg2 Re1 50.Re8 Kg4 51.Re4+ Kf5 52.Rf4+ Kg5 53.e4
Ra1 54.Rf8 Ra2+ 55.Rf2 Ra3 56.Rf5+ Kg4 57.Rf4+ Kg5 58.Rf8 Ra2+ 59.Kh3 Re2 
60.Rg8+ Kf6 61.Re8 Kf7 62.Re5 Kf6 63.Rxh5 Rxe4 1/2-1/2

[Event "6th Banja Luka it"]
[Site "Banja Luka YUG"]
[Date "1985.04.23"]
[Round "12"]
[White "Lechtynsky, Jiri"]
[Black "Farago, Ivan"]
[Result "1/2-1/2"]
[WhiteElo "2445"]
[BlackElo "2495"]
[EventDate "1985.04.10"]
[PlyCount "53"]

1.d4 e6 2.Nf3 Nf6 3.c4 b6 4.g3 Ba6 5.Nbd2 Bb4 6.Qa4 c5 7.a3 Bxd2+ 8.Bxd2 
cxd4 9.Bg2 Bb7 10.O-O Bc6 11.Qd1 Bxf3 12.Bxf3 Nc6 13.Bf4 Qe7 14.Bxc6 dxc6 
15.Qxd4 Rd8 16.Qe5 O-O 17.Rad1 Rxd1 18.Rxd1 Rd8 19.Rxd8+ Qxd8 20.b4 Ng4 
21.Qc7 Qxc7 22.Bxc7 b5 23.cxb5 cxb5 24.e4 f6 25.h3 Ne5 26.Bxe5 fxe5 27.Kg2
1/2-1/2

[Event "6th Banja Luka it"]
[Site "Banja Luka YUG"]
[Date "1985.04.23"]
[Round "12"]
[White "Filipovic, Branko"]
[Black "Short, Nigel David"]
[Result "1/2-1/2"]
[WhiteElo "2395"]
[BlackElo "2535"]
[EventDate "1985.04.10"]
[PlyCount "89"]

1.e4 e6 2.d3 d5 3.Nd2 Nf6 4.Ngf3 b6 5.g3 Be7 6.Bg2 Bb7 7.O-O c5 8.Re1 Nc6 
9.e5 Nd7 10.h4 Qc7 11.Qe2 O-O-O 12.c3 h6 13.Nf1 Kb8 14.N1h2 Ka8 15.a3 Rde8
16.d4 c4 17.h5 Na5 18.Bf4 Bc6 19.Ng4 Nb3 20.Rab1 b5 21.Nd2 Nxd2 22.Bxd2 
Nb6 23.Bh3 Bd7 24.Qf3 Ref8 25.Qd1 Kb7 26.Qc2 Bd8 27.Ne3 Kc8 28.Ng2 Qc6 29.
Re2 Rfg8 30.Bg4 Na8 31.Rf1 Nc7 32.f3 Be7 33.Nf4 a5 34.Kh2 Qb6 35.Ng2 Kd8 
36.Bh3 Qa6 37.Ra1 Qb6 38.g4 g6 39.hxg6 fxg6 40.f4 h5 41.g5 Qc6 42.Nh4 Be8 
43.Ree1 Rg7 44.Bf1 Rhg8 45.Be2 1/2-1/2

[Event "6th Banja Luka it"]
[Site "Banja Luka YUG"]
[Date "1985.04.23"]
[Round "12"]
[White "Minic, Dragoljub"]
[Black "Kurajica, Bojan"]
[Result "1/2-1/2"]
[WhiteElo "2440"]
[BlackElo "2535"]
[EventDate "1985.04.10"]
[PlyCount "22"]

1.e4 c6 2.d4 d5 3.Nc3 dxe4 4.Nxe4 Bf5 5.Ng3 Bg6 6.Nf3 Nd7 7.Bd3 Bxd3 8.
Qxd3 Ngf6 9.O-O e6 10.Bf4 Be7 11.Rfe1 O-O 1/2-1/2

[Event "6th Banja Luka it"]
[Site "Banja Luka YUG"]
[Date "1985.04.23"]
[Round "12"]
[White "Gavric, Miladin"]
[Black "Velimirovic, Dragoljub"]
[Result "0-1"]
[WhiteElo "2265"]
[BlackElo "2500"]
[EventDate "1985.04.10"]
[PlyCount "76"]

1.e4 c5 2.Nf3 Nc6 3.d4 cxd4 4.Nxd4 g6 5.Nc3 Bg7 6.Nb3 Nf6 7.Be2 O-O 8.O-O 
d6 9.Bg5 Be6 10.Kh1 h6 11.Bh4 g5 12.Bg3 d5 13.exd5 Nxd5 14.Nxd5 Bxd5 15.c4
Be4 16.Nc5 Bg6 17.f4 Bxb2 18.f5 Bxa1 19.Qxa1 Bh7 20.Rd1 Qc8 21.f6 Rd8 22.
Rf1 e6 23.Bf2 b6 24.Nb3 Bd3 25.Bxd3 Rxd3 26.h4 Qd7 27.hxg5 Rd8 28.gxh6 Rd1
29.Rxd1 Qxd1+ 30.Qxd1 Rxd1+ 31.Kh2 Kh7 32.Be3 Ne5 33.Kg3 Nxc4 34.Bf4 Kg6 
35.Kf3 Rf1+ 36.Kg4 a5 37.Bc7 e5 38.a4 Rb1 0-1

[Event "6th Banja Luka it"]
[Site "Banja Luka YUG"]
[Date "1985.04.23"]
[Round "12"]
[White "Psakhis, Lev"]
[Black "Klaric, Zlatko"]
[Result "0-1"]
[WhiteElo "2555"]
[BlackElo "2480"]
[EventDate "1985.04.10"]
[PlyCount "94"]

1.c4 g6 2.d4 Bg7 3.Nf3 d6 4.Nc3 Bg4 5.e3 Nc6 6.h3 Bxf3 7.Qxf3 Nf6 8.Qd1 e5
9.d5 Ne7 10.e4 O-O 11.h4 c6 12.g3 cxd5 13.cxd5 Rc8 14.Qe2 Nh5 15.Bh3 f5 
16.Bg5 Nf6 17.h5 a6 18.a4 Qc7 19.hxg6 hxg6 20.O-O Qc4 21.Rfe1 Qxe2 22.Rxe2
Kf7 23.Ra3 Rh8 24.Bg2 Bh6 25.Bxf6 Kxf6 26.Rb3 Rc7 27.Rb4 f4 28.Bf3 g5 29.
Bg4 Bf8 30.Kg2 Ng6 31.Nb1 Rc1 32.Nd2 Rhh1 33.Nf3 Rh7 34.Bf5 Rhc7 35.Bxg6 
Kxg6 36.g4 Be7 37.Rb6 Kf7 38.b4 Rd7 39.b5 a5 40.Rd2 Kf6 41.Rd3 Kg7 42.Nd2 
Bd8 43.Rc6 bxc6 44.dxc6 Re7 45.Rxd6 Bb6 46.Kf3 Rc3+ 47.Ke2 f3+ 0-1